000 00328pab a2200145 454500
008 180718b1985 xxu||||| |||| 00| 0 eng d
100 _aPortwood, Derek
245 _aCareer and redundancy
260 _c1985
300 _a449-68
362 _aAug.
650 _aCareer Service
773 _aSocialogical Review
909 _a5153
999 _c5153
_d5153